000
00303nam a2200121Ia 4500
008
190216s9999||||xx |||||||||||||| ||und||
100
_a
Gurjan Jaisingh
245
0
_a
Reliability Technology Theory And Application
260
_b
I.K.International
300
_a
141
650
_a
Mathematics
942
_c
BK
999
_c
32130
_d
32130